Algunos aspectos históricos, sociológicos y espaciales del desarrollo de San José, 1630-1930

Na minha lista:
Detalhes bibliográficos
Autor principal: Vega Carballo, José Luis
Formato: Texto
Publicado em: Guatemala :
Tags: Adicionar Tag
Sem tags, seja o primeiro a adicionar uma tag!

MARC

LEADER 00000 a a2200000 04500
001 19182
003
040
090 |a 019000  
100 |a Vega Carballo, José Luis  
245 |a Algunos aspectos históricos, sociológicos y espaciales del desarrollo de San José, 1630-1930  
260 |a Guatemala :  
300 |a 27 p.  
999 |c 13555  |d 13555